| 000 | 00456cam a2200181ua 4500 | ||
|---|---|---|---|
| 020 | _cRs 0.60 | ||
| 041 |
_aeng _h |
||
| 082 |
_a297 _bVAL/GL |
||
| 100 | _aValji Govindji, Desai . | ||
| 245 |
_aGlances at Islam / _cValji Govindji Desai. _hTextual Documents |
||
| 250 |
_a2 / _b. |
||
| 260 |
_aAhmadabad : _bNavajivan publishing house , _c1959. |
||
| 300 | _a72 ; . | ||
| 365 | _aRs 0.60 | ||
| 504 | _a | ||
| 942 | _cBK | ||
| 999 |
_c1452 _d1452 |
||